La Masacre del 30 de julio de 1975 en la memoria de los estudiantes de la Universidad de El Salvador /
Uloženo v:
| Hlavní autor: | |
|---|---|
| Médium: | Text |
| Témata: | |
| Tagy: |
Přidat tag
Žádné tagy, Buďte první, kdo vytvoří štítek k tomuto záznamu!
|
MARC
| LEADER | 00000 a a2200000 04500 | ||
|---|---|---|---|
| 001 | 4212 | ||
| 003 | |||
| 040 | |||
| 090 | |a REV0229 (135) 2005 | ||
| 100 | |a Argueta, Ricardo Antonio | ||
| 245 | |a La Masacre del 30 de julio de 1975 en la memoria de los estudiantes de la Universidad de El Salvador / |c Ricardo Antonio Argueta | ||
| 650 | |a MOVIMIENTOS ESTUDIANTILES | ||
| 650 | |a CONFLICTOS POLITICOS | ||
| 650 | |a MOVILIZACION SOCIAL | ||
| 650 | |a REPRESION | ||
| 650 | |a ACTIVIDAD MILITAR | ||
| 650 | |a AGRESION | ||
| 650 | |a GENOCIDIO | ||
| 650 | |a HISTORIA | ||
| 650 | |a ESTUDIOS DE CASOS | ||
| 650 | |a ANALISIS SOCIOLOGICO | ||
| 650 | |a EL SALVADOR | ||
| 650 | |a POLITICA ECONOMICA | ||
| 650 | |a PRIVATIZACIONES | ||
| 650 | |a MOVIMIENTOS SOCIALES | ||
| 773 | |g número 135; páginas 29-47 | ||
| 999 | |c 21373 |d 21373 | ||
| 773 | 0 | |0 19554 |9 2688 |a FLACSO, Costa Rica |d San José, Costa Rica: FLACSO, |o 16117 |t Cuaderno de Ciencias Sociales / |x 14093677 | |
